Nature at work : introducing ecology
Αποθηκεύτηκε σε:
| Συγγραφή απο Οργανισμό/Αρχή: | |
|---|---|
| Μορφή: | Βιβλίο |
| Γλώσσα: | English |
| Δημοσίευση: |
London :
Cambridge University Press,
1978
|
| Θέματα: | |
| Ετικέτες: |
Προσθήκη ετικέτας
Δεν υπάρχουν, Καταχωρήστε ετικέτα πρώτοι!
|
MARC
| LEADER | 00000cam a2200000 i 4500 | ||
|---|---|---|---|
| 001 | 1/75399 | ||
| 008 | 970307s1978 eng d | ||
| 020 | |a 0521223903 | ||
| 035 | |l 10003751 | ||
| 040 | |a GR-MY-UA |b gre |e aacr | ||
| 041 | 0 | |a eng | |
| 082 | 0 | |a 574.5 | |
| 110 | 2 | |a British Museum (Natural History) | |
| 245 | 1 | 0 | |a Nature at work : |b introducing ecology / |c British Museum (Natural History) |
| 260 | |a London : |b Cambridge University Press, |c 1978 | ||
| 300 | |a 84 p.; |b ill.; |c 22 cm | ||
| 504 | |a Bibliography: p. 76-77. Includes index | ||
| 650 | 0 | 0 | |a Ecology. |
| 852 | |a INST |b LESVOS |e 19970307 |h 574.5 NAT |p 005100025344 |q 005100025344 |t BK |y 12 | ||
| 909 | |a Λ |b 003905 | ||